| 000 | 00000nas 2200000zi 4500 |
| 001 | 9.949948 |
| 003 | CaOODSP |
| 005 | 20250410151642 |
| 006 | m o d f |
| 007 | cr cn |||||||| |
| 008 | 250409d19811993oncar p o f0 0fre|d |
| 040 | |aCaOODSP|bfre|erda|cCaOODSP |
| 041 | 0 |aeng|afre |
| 043 | |an-cn--- |
| 086 | 1 |aNR1-1-PDF |
| 110 | 2 |aConseil national de recherches Canada.|eauteur, |eorganisme de publication. |
| 245 | 10|aAnnual report. |
| 246 | 15|aRapport annuel |
| 246 | 1 |iLes livraisons de 1983/1984-1987/1988 comportent le titre : |aRapport annuel du CNRC |
| 246 | 1 |iLa livraison de 1988/1989 comporte le titre : |aCNRC rapport annuel |
| 246 | 3 |aRapport annuel du Conseil national de recherches Canada |
| 264 | 1|aOttawa, Ont. : |bConseil national de recherches du Canada, |c[1981-1993] |
| 310 | |aAnnuel |
| 336 | |atexte|btxt|2rdacontent/fre |
| 337 | |ainformatique|bc|2rdamedia/fre |
| 338 | |aressource en ligne|bcr|2rdacarrier/fre |
| 362 | 1 |aParaît depuis : 1980/1981; ne paraît plus après : 1992/1993. |
| 546 | |aTexte en anglais et en français. |
| 588 | |aDescription d'après : 1980/1981; titre de la page de titre du fichier PDF. |
| 588 | |aDernière livraison consultée : 1992/1993. |
| 610 | 26|aConseil national de recherches Canada|vPériodiques. |
| 650 | 6|aRecherche|zCanada|vPériodiques. |
| 650 | 6|aRecherche industrielle|zCanada|vPériodiques. |
| 655 | 7|aPériodiques|2rvmgf |
| 780 | 00|tReport of the President / |w(CaOODSP)9.944958 |
| 785 | 00|tReport to Parliament / |w(CaOODSP)9.949960 |
| 788 | |tAnnual report.|eeng|w(CaOODSP)9.949949 |